LIBRARY & INFORMATION CENTRE, KCAET, TAVANUR

ONLINE PUBLIC ACCESS CATALOGUE (OPAC)

Design and development of power operated nutmeg sheller (Record no. 14964)

MARC details
000 -LEADER
fixed length control field 00637nam a22001817a 4500
003 - CONTROL NUMBER IDENTIFIER
control field OSt
088 ## - REPORT NUMBER
Report number P 271
100 ## - MAIN ENTRY--AUTHOR NAME
Personal name AFREEDA V
-- AMAL PADMU L.P
-- MANTU KUMAR
245 ## - TITLE STATEMENT
Title Design and development of power operated nutmeg sheller
260 ## - PUBLICATION, DISTRIBUTION, ETC. (IMPRINT)
Place of publication Tavanur 2013
Name of publisher Department of Farm Power Machinery and Energy
300 ## - PHYSICAL DESCRIPTION
Number of Pages 52
500 ## - GENERAL NOTE
General note Design and development of power operated nutmeg sheller
520 ## - SUMMARY, ETC.
Summary, etc Design and development of power operated nutmeg sheller
700 ## - ADDED ENTRY--PERSONAL NAME
Personal name Er. Sindhu Bhaskar
856 ## - ELECTRONIC LOCATION AND ACCESS
Uniform Resource Identifier https://drive.google.com/open?id=1uGFynolktB1WDQYmDHu1F5kCDM-4GG9f
942 ## - ADDED ENTRY ELEMENTS (KOHA)
Koha item type Project Report
Holdings
Collection code Home library Current library Shelving location Full call number Accession Number Koha item type
Reference KAUAET KAUAET Reference 631.3 AFR/DE P 271 Project Report
free website counter